| 000 | 00799nam a22002777a 4500 | ||
|---|---|---|---|
| 003 | CHAP | ||
| 005 | 20220329141819.0 | ||
| 008 | 971013s1967 r 00010 d | ||
| 010 | _a74261 | ||
| 011 | _a75233 | ||
| 035 | _a84793 | ||
| 040 | _cCHAP | ||
| 082 |
_a574.87 _bC3 |
||
| 100 | 0 | 0 |
_aCarpenter, Bruce H. _919273 |
| 245 | _aMolecular and cell biology | ||
| 260 |
_aBelmont, Calif. : _bDickenson, _c1967 |
||
| 300 |
_a158 p. _b: ilus. |
||
| 590 |
_aBATCH-UPD _b10 _c20130110 _lUCH01 _h1848 |
||
| 590 |
_aBATCH-UPD _b10 _c20130410 _lUCH01 _h1217 |
||
| 590 |
_aBATCH-UPD _b10 _c20130914 _lUCH01 _h0943 |
||
| 590 |
_aCONVERSION _b10 _c20130109 _lUCH01 _h1341 |
||
| 650 | 1 | 4 |
_aCitologĂa. _923489 |
| 901 | _aBK | ||
| 942 | _cLIBRO | ||
| 949 |
_a574.87 C3 _bBC _cLIBRO _d-40322 _eLIBRO _h15625 _i84793 _mD _si |
||
| 999 |
_c74261 _d74261 |
||